[Event "British Universities-ch"]
[Site "Chess.com INT"]
[Date "2022.03.05"]
[Round "2.1"]
[White "Durnan, George"]
[Black "Ruiz, Daniel"]
[Result "0-1"]
[WhiteElo "1090"]
[BlackElo "2134"]
[PlyCount "64"]
[EventDate "2022.03.05"]
[EventType "swiss"]
[EventRounds "9"]
[EventCountry "ENG"]
[SourceTitle "EXT 2023"]
[Source "ChessBase"]
[SourceDate "2022.10.05"]
[SourceVersion "1"]
[SourceVersionDate "2022.10.05"]
[SourceQuality "1"]
[WhiteTeam "Swansea II"]
[BlackTeam "Warwick (En Passant) V"]
[WhiteTeamCountry "WLS"]
[BlackTeamCountry "ENG"]

1. d4 Nf6 2. Nc3 e6 3. e4 d5 4. e5 Nfd7 5. Nf3 c5 6. Be3 Nc6 7. Bb5 Qc7 8. 0-0 cxd4 9. Bxd4 Nxd4 10. Qxd4 Bc5 11. Qf4 0-0 12. Bd3 f6 13. Nb5 Qd8 14. exf6 Qxf6 15. Qxf6 Rxf6 16. Rfe1 Rb8 17. Rxe6 Rxe6 18. Bxh7+ Kh8 19. Ng5 Re7 20. Nc3 Nf6 21. Bg6 Bd7 22. Rd1 Bc6 23. g3 Rf8 24. b4 Bxb4 25. Rd4 Bxc3 26. Rh4+ Kg8 27. Nh7 Re1+ 28. Kg2 d4+ 29. f3 Re3 30. Nxf6+ Rxf6 31. Bh7+ Kf7 32. Rg4 Bxf3+ 0-1

[Event "British Universities-ch"]
[Site "Chess.com INT"]
[Date "2022.03.05"]
[Round "7.1"]
[White "Smith, George1111"]
[Black "Durnan, George"]
[Result "1-0"]
[WhiteElo "1580"]
[BlackElo "1090"]
[PlyCount "45"]
[EventDate "2022.03.05"]
[EventType "swiss"]
[EventRounds "9"]
[EventCountry "ENG"]
[SourceTitle "EXT 2023"]
[Source "ChessBase"]
[SourceDate "2022.10.05"]
[SourceVersion "1"]
[SourceVersionDate "2022.10.05"]
[SourceQuality "1"]
[WhiteTeam "Imperial"]
[BlackTeam "Swansea II"]
[WhiteTeamCountry "ENG"]
[BlackTeamCountry "WLS"]

1. c4 Nc6 2. Nc3 Nf6 3. g3 e6 4. e4 e5 5. Bg2 Bc5 6. Nge2 0-0 7. 0-0 b6 8. d3 Nd4 9. Nxd4 Bxd4 10. Ne2 Bc5 11. a3 a5 12. h3 d6 13. Kh2 Qd7 14. f4 Ng4+ 15. hxg4 Qxg4 16. Nc3 Qg6 17. f5 Qf6 18. Nd5 Qd8 19. f6 g6 20. Qd2 Qd7 21. Qh6 Qh3+ 22. Bxh3 Bxh3 23. Qg7# 1-0